Europäische Fußballwappen Teil 3 - Bilderquiz - Statistiken

Allgemein
  • Dieses Quiz wurde 83 mal gespielt
  • Das Durchschnittsergebnis liegt bei 13 aus 16
Antwortstatistiken
Bildquiz Antwort % Korrekt
1. FC Kaiserslautern
100%
AC Mailand
99%
SSC Neapel
97%
Borussia Mönchengladbach
93%
FC Sevilla
93%
Benfica Lissabon
89%
Nottingham Forest
89%
Real Sociedad San Sebastian
89%
RSC Anderlecht
87%
Schachtar Donezk
83%
Stade Brest
76%
Trabzonspor
70%
Panathinaikos Athen
69%
Rayo Vallecano
64%
Slavia Prag
44%
NAC Breda
40%
Keine übereinstimmenden Quizze gefunden
Verteilung der Resultate
Anzahl Personen mit jedem Resultat
Perzentil nach korrekt beantworteten Fragen
Ihre Resultats-Entwicklung
Sie haben dieses Quiz noch nicht gespielt